Страны Южной Америки - Statistics

General Stats
  • This quiz has been taken 21 945 times
  • The average score is 10 of 12
Answers on the Map
Answers color-coded by a green-red scale on the quiz's map according to % correct below.
 
Answer Stats
Страна % Correct
Бразилия
99%
Аргентина
98%
Чили
97%
Уругвай
88%
Колумбия
87%
Перу
87%
Парагвай
86%
Венесуэла
85%
Боливия
81%
Эквадор
80%
Суринам
63%
Гайана
62%
No matching quizzes found
Score Distribution
Percent of People with Each Score
Percentile by Number Answered
Your Score History
You have not taken this quiz